000
00296nam a22001337a 4500
008
170821b xxu||||| |||| 00| 0 eng d
020
_a
9780534115746
041
_a
eng
080
_a
51
100
_a
97
101
_a
MAT
245
_a
ELEMENTARY LINEAR ALGEBRA
_c
GERBER.H
942
_2
udc
_c
BK
999
_c
24176
_d
24176